| 000 | 00807nam a22002897a 4500 | ||
|---|---|---|---|
| 001 | 16521351 | ||
| 003 | OSt | ||
| 005 | 20140310183103.0 | ||
| 008 | 101028s2009 ph 000 1 tgl | ||
| 010 | _a 2010338919 | ||
| 020 | _a9789715848121 | ||
| 040 |
_aDLC _cDLC |
||
| 042 | _alcode | ||
| 050 | 0 | 0 |
_aPL 6063 _b.T693 2009 |
| 082 |
_aFIL 899.2113 _bT63 2009 |
||
| 100 | 1 | _aTorres, Gerardo Z. | |
| 245 | 1 | 0 |
_aKulay rosas ang pintig ng puso : _bmga maikling kuwento/ _cGerardo Torres. |
| 260 |
_aQuezon City : _bC & E Pub., _cc2009. |
||
| 300 |
_axvii, 72 p. : _c18 cm. |
||
| 650 | _a Short stories, Filipino. | ||
| 906 |
_a7 _bcbc _corigode _d4 _encip _f20 _gy-gencatlg |
||
| 942 |
_2lcc _cBK _kLOC |
||
| 999 |
_c18760 _d18760 |
||